ნორმალური ფორმატი
MARC ფორმატი
ჩანაწერი Personal Name
ჩანაწერთა რაოდენობა, რომელიც გამოყენებულია: 1
001 - CONTROL NUMBER
- control field: 21345
003 - CONTROL NUMBER IDENTIFIER
- control field: GE_BSU
005 - DATE AND TIME OF LATEST TRANSACTION
- control field: 20240306164810.0
008 - FIXED-LENGTH DATA ELEMENTS
- fixed length control field: 240306|| aca||aabn | a|a d
040 ## - CATALOGING SOURCE
- Original cataloging agency: GE_BSU
- Transcribing agency: GE_BSU
100 ## - HEADING--PERSONAL NAME
- Personal name: მამულაძე, ნინო
- Relator term: ავტორი
670 ## - SOURCE DATA FOUND
- Source citation: Work cat.: (GE_BSU): შაინიძე, ეკატერინე 11225, უმაღლესი განათლების სახელმწიფო დაფინანსების გავლენა ქვეყნის სოციალურ-ეკონომიკურ განვითარებაზე = The influence of government funding of higher education on the socio-economic development of the country :
